Molecular modelling: principles and applications by Andrew R Leach (Record no. 1215138)

MARC details
000 -LEADER
fixed length control field 00980nam a2200301Ia 4500
003 - CONTROL NUMBER IDENTIFIER
control field OSt
005 - DATE AND TIME OF LATEST TRANSACTION
control field 20221007125344.0
008 - FIXED-LENGTH DATA ELEMENTS--GENERAL INFORMATION
fixed length control field 221006b |||||||| |||| 00| 0 eng d
020 ## - INTERNATIONAL STANDARD BOOK NUMBER
International Standard Book Number 0582382106 (pbk)
-- 73.99
037 ## - SOURCE OF ACQUISITION
Terms of availability Textual
040 ## - CATALOGING SOURCE
Original cataloging agency CDL
Transcribing agency CDL
Language of cataloging eng
041 ## - LANGUAGE CODE
Source of code eng
Language code of text/sound track or separate title eng
100 ## - MAIN ENTRY--PERSONAL NAME
Personal name Leach Andrew R
245 #0 - TITLE STATEMENT
Title Molecular modelling: principles and applications by Andrew R Leach
250 ## - EDITION STATEMENT
Edition statement Ed 2
260 ## - PUBLICATION, DISTRIBUTION, ETC.
Place of publication, distribution, etc. Harlow,England
Name of publisher, distributor, etc. Pearson Education Limited
Date of publication, distribution, etc. 2001
300 ## - PHYSICAL DESCRIPTION
Extent xxiii, 744p
Dimensions cm.
500 ## - GENERAL NOTE
General note Includes bibliographical references; Index 727-744p; ^n23/CSL/CARC/2001-02/690^d2002-01-23^mPurchase
650 ## - SUBJECT ADDED ENTRY--TOPICAL TERM
Topical term or geographic name entry element Computer simulation
9 (RLIN) 713688
650 ## - SUBJECT ADDED ENTRY--TOPICAL TERM
Topical term or geographic name entry element Molecular structure
9 (RLIN) 713791
650 ## - SUBJECT ADDED ENTRY--TOPICAL TERM
Topical term or geographic name entry element Chemistry
942 ## - ADDED ENTRY ELEMENTS (KOHA)
Classification part E:218:(9S), P1
Koha item type Textual
Source of classification or shelving scheme Colon Classification (CC)
Holdings
Withdrawn status Lost status Source of classification or shelving scheme Damaged status Not for loan Home library Current library Date acquired Source of acquisition Total Checkouts Full call number Barcode Date last seen Price effective from Koha item type
    Colon Classification (CC)     Department of Chemistry Library Department of Chemistry Library 2022-10-07 Educational,   E:218:(9S) P1 CD0006719 2022-10-07 2022-10-07 Textual
Copyright @ Delhi University Library System